| 000 | 00496nam a2200229Ia 4500 | ||
|---|---|---|---|
| 003 | IT-RoPAU | ||
| 008 | 120407s9999 xx 000 0 und d | ||
| 040 | _aIT-RoPAU | ||
| 040 | _cIT-RoPAU | ||
| 041 | _aita | ||
| 100 | _aGaetano Savoca | ||
| 245 | _aI profeti d’Israele: voce del Dio vivente | ||
| 250 | _aBologna | ||
| 260 | _aEDB | ||
| 260 | _c1985 | ||
| 300 | _a224 p. | ||
| 300 | _c21,5 cm | ||
| 490 | _aLa Bibbia nella storia | ||
| 490 | _v3 | ||
| 942 | _cBK | ||
| 999 |
_c29367 _d29367 |
||